Sols RNG - All Auras (Eon 1.21) - Statistics

General Stats
  • This quiz has been taken 61 times
    20 since last reset
  • The average score is 129 of 436
Answer Stats
Rarity Aura % Correct
1/20,000,000 Chromatic
82%
1/2 Common
82%
1/1 Nothing
82%
1/16 Rare
82%
1/4 Uncommon
82%
1/32 Divinus
73%
1/400,000,000 Impeached : I'm Peach
73%
1/50,000 Star Rider
73%
1/900 Wind
73%
1/825,000,000 Aegis
64%
1/1,150,000,000 Aegis : Eggis
64%
1/1,336,000 Astral
64%
1/1,999,999,999 Breakthrough
64%
1/99,999,999 Chromatic : Genesis
64%
1/64 Crystallized
64%
1/2,500,000,000 Equinox
64%
1/2,500,000,000 Equinox : You Are An Idiot
64%
1/99,999 Exotic
64%
1/12,210,110 Glitch
64%
1/200,000,000 Impeached
64%
1/1,730,400,000 Leviathan
64%
1/100 Memory
64%
1/3,000,000,000 Monarch
64%
1/2,000 Oblivion
64%
1/220,000,000 Oppression
64%
1/3,198 Pukeko
64%
1/1,000,000,000 Pukeko : P.U.K.E.K.O.G.O.D.
64%
1/666,666,666 Pythios
64%
1/500,000,000 Ruins
64%
1/800,000,000 Ruins : Withered
64%
1/2,000,000,000 Sky Festival
64%
1/10,000,000 Starscourge
64%
1/1,000,000,000 A Fool's Experience
55%
1/300,000,000 Bloodlust
55%
1/384,400,000 Celestial : Eclipse
55%
1/100,400 Diaboli : Void
55%
Craftable Eclipse
55%
1/700,000,000 Eggore
55%
1/80,000,000 Emperor
55%
1/49,999,500 Exotic : Apex
55%
1/299,999,999 Exotic : Void
55%
1/180,000,000 Felled
55%
1/6,900 Flushed
55%
1/5 Good
55%
1/10,000,000 Illusionary
55%
1/250,000,000 Impeached : Imcrine
55%
1/1,200,000,000 Luminosity
55%
Craftable Master Hand
55%
1/50,000,000 Matrix
55%
1/8 Natural
55%
1/70,000 Nautilus
55%
1/150,000,000 Overture
55%
1/1,073,741,824 Pixelation
55%
1/128 Rage
55%
1/645,000,000 Revive
55%
1/350 Ruby
55%
1/12,000,000 Sailor
55%
1/750,000,000 Sovereign
55%
1/100,000,000 Spectraflow
55%
1/100,000,000 Starscourge : Radiant
55%
1/12,000 Undead
55%
1/2,500,000 Virtual
55%
1/1,790,909,090 Yolkegg
55%
1/400,000,000 Abyssal Hunter
45%
Craftable Abyssal Hunter : Awakened
45%
1/180,000 Aether
45%
1/1,000,000 Arcane
45%
1/935,000,000 Ascendant
45%
1/1,750,000,000 Astraios
45%
1/200,000 Bounded
45%
1/676,767 Burger
45%
1/350,000 Celestial
45%
1/375,000,000 Chillsear
45%
1/1,004 Diaboli
45%
1/7,777,777 Divinus : Guardian
45%
1/123 Dizzy
45%
1/320,000,000 Dreammetric
45%
NPC Exclusive Eden
45%
1/307,777,777 Eggsistence
45%
1/500 Emerald
45%
1/1,000,000,000 Eostre
45%
1/87,000 Flow
45%
1/1,000,000 Flushed : Troll
45%
1/430,000,000 Gargantua
45%
1/512 Gilded
45%
1/10,000,000 Guardian
45%
1/40,000,000 Hatchwarden
45%
1/777 Jackpot
45%
1/112,000,000 Lily
45%
1/503,000,000 Matrix : Overdrive
45%
1/601,020,102 Matrix : Reality
45%
Craftable Matrix : Steampunk
45%
1/10,000 Meta
45%
1/7,700,000 Nautilus : Lost
45%
1/1,011,111,010 Nyctophobia
45%
1/300,000,000 Overture : History
45%
1/31,980,000 Pukeko : Jumping
45%
1/1,280,000 Rage : Brawler
45%
1/12,800 Rage : Heated
45%
1/800 Sapphire
45%
Dev-Exclusive Sol
45%
1/90,000 Stormal
45%
Limited Surfer
45%
1/600,000,000 Surfer : Symphony
45%
1/150 Topaz
45%
1/6,000,000 Twilight
45%
1/180,000,000 Twilight : Withering Grace
45%
1/666,666 Undead : Devil
45%
1/9,333,700 Amethyst
36%
1/40,000 Aquatic
36%
1/30,000,000 Arcane : Dark
36%
1/15,000,000 Arcane : Legacy
36%
1/350,000,000 Archangel
36%
1/267,000 Astral : Astrald
36%
1/6,117,186 Astronaut
36%
1/360,000,000 Atlas
36%
1/1,180 Atomic
36%
1/92,118,000 Atomic : Nucleus
36%
1/27,315,000 Blizzard
36%
1/67,676,767 Bloated.exe
36%
1/13,333,333 Borealis
36%
1/2,000,000 Bounded : Unbound
36%
1/7,000,000 Celestial : Divine
36%
Craftable Cell Asteroides
36%
Craftable Chromatic : Hyper Chroma
36%
1/40,000,000 Chromatic : Kromat1k
36%
1/120,000 Divinus : Angel
36%
1/7,500 Doodle
36%
1/400,000,000 Doodle : Abyssal Hunter
36%
1/850,000,000 Dreamscape
36%
1/555,555,555 Elude
36%
1/3,000 Fault
36%
1/3,700 Flora
36%
1/2,121,121 Flowed
36%
1/69,000 Flushed : Lobotomy
36%
1/20,000 Gilded : Crowned
36%
1/1,700 Glock
36%
1/521,121,900 Gravitational : Point:Zero
36%
1/6,666,666 Hades
36%
1/1,111 Hydrogen
36%
1/7,500,000 Hyper Volt
36%
1/700 Ink
36%
1/14,000 Ink : Leak
36%
1/12,300 Kawaii
36%
1/40,000 (Unobtainable) Lightning
36%
1/9,200 Lost Soul
36%
1/220,000,000 Lumenpool
36%
1/50,000 Lunar
36%
1/300,000,000 Manta
36%
1/1,000 Neferkhaf
36%
1/6,666,666 Oni
36%
1/6,500,000 Origin
36%
1/4,000,000 Poseidon
36%
1/1,024 Precious
36%
1/197,000,000 Projection
36%
1/500,000 Raven
36%
1/7,242,000 Refraction
36%
1/540,000,000 Sailor : Admiral
36%
1/80,000,000 Sailor : Flying Dutchman
36%
1/10,000,000 Sharkyn
36%
1/72,000,000 Starborn
36%
1/1,234,567 Star Rider : Your Did It
36%
1/13,500,000 Stormal : Hurricane
36%
1/175,000,000 Symphony
36%
1/400,000 Terror
36%
1/60,000,000 Twilight : Iridescent Memory
36%
1/1,111,000 Undefined
36%
1/40,413,000 Virtual : Fatal Error
36%
1/87,500,000 Virtual : Worldwide
36%
1/4,500,000 Zeus
36%
1/100
27%
1/1,000 ★★
27%
1/10,000 ★★★
27%
1/825,000,000 Aegis : Watergun
27%
1/33,333,330 Aether : Disappointment
27%
1/900 Aquamarine
27%
1/4,000,000 Aquatic : Flame
27%
1/267,200,000 Astral : Zodiac
27%
Craftable Atlas : A.T.L.A.S.
27%
1/4,444 Bleeding
27%
Limited Blossom
27%
1/2,000,000 Bounded : Kidnapped
27%
Limited Christmastide
27%
1/120,000 Comet
27%
Content Creator Exclusive Content Creator
27%
1/12,000 Corrosive
27%
Limited Corruption Egg
27%
Limited Divinus : Love
27%
Limited Egger
27%
1/370,073,730 Flora : Evergreen
27%
1/32,800,000 Flora : Florest
27%
1/5,000 Flutter
27%
1/403 Forbidden
27%
1/2,304 Glacier
27%
1/170,000,000 Glock : The Glock of the Sky
27%
1/2,000,000 Gravitational
27%
1/8,500,000 Harnessed
27%
1/7,000 Hazard
27%
1/70,000 Hazard : Rays
27%
1/488,725 Hope
27%
1/225,000,000 Hyper Volt : Ever Storm
27%
1/15,660,000 Icarus
27%
1/125,000 Jade
27%
1/850,000 Kyawthuite
27%
Limited Lament
27%
1/17,000,000 Lullaby
27%
1/630,000,000 Lumenpool : Ramenpool
27%
1/5,000,000 Lunar : Full Moon
27%
1/2,048 Magnetic
27%
Dev-Exclusive Mastermind
27%
1/9,000,000 Nihility
27%
Limited Null Egg
27%
1/8,000,000 Origin : Onion
27%
1/45,000,000 Overseer
27%
1/3,000,000 Parasite
27%
1/65,358 Pleiades
27%
1/16,384 Powered
27%
1/666,616,111 Prologue
27%
1/275,649,430 Prophecy
27%
1/200,000 Pump
27%
1/8,192 Quartz
27%
Limited Rabbit Invasion
27%
Limited Rainy Egg
27%
1/930,000,000 Ravage
27%
1/50,000,000 Runic
27%
Limited Scavenger
27%
1/225,000,000 Shard Surfer
27%
1/3,325,000 Shift Lock
27%
1/14,000,000 | Removed Sirius
27%
Limited Snowy Egg
27%
1/50,000 Solar
27%
1/5,000,000 Solar : Solstice
27%
1/1,000,000,000 Sovereign : Frostveil
27%
Limited Starfall Egg
27%
1/50,000 Starlight
27%
1/240,000 Star Rider : Snowflake
27%
1/250,000 Star Rider : Starfish Rider
27%
1/1,331,201 Symbiosis
27%
Dev-Exclusive The Rarest Aura
27%
Removed The Rock
27%
1/444,444,444 Unknown
27%
Limited Velvet
27%
1/232,232,232 Virtual Memory
27%
Limited Windy Egg
27%
Limited Zilch
27%
1/1,000,001 ゴシック
18%
1/1,000 赤月の破片
18%
Dev-Exclusive 赤い満月
18%
1/120,000,000 Abominable
18%
Dev-Exclusive Abomination
18%
Limited Aeroquest
18%
1/440,000,000 Afterparty
18%
Tester Exclusive Alchemist
18%
1/3,500,000 Alice
18%
1/5,730,000 Anima
18%
Dev-Exclusive Another Realm
18%
1/62,500,000 Antivirus
18%
1/3,133,133 Apatite
18%
1/444,000,000 Apostolos
18%
1/800,000,000 Apostolos : Veil
18%
1/24,691,356 Apotheosis
18%
1/80,000,000 Aquaria
18%
1/940,000,000 Arachnophobia
18%
1/1,766,000 Archmage
18%
1/267,200,000 (Removed) Astral : Legendarium
18%
1/510,000,000 Atlas : Yuletide
18%
1/24,000,000 Aviator
18%
1/730,000,000 Banshee
18%
Limited Bioluminescent
18%
1/88,000,000 Bloodgarden
18%
Limited Blossom : Frozen
18%
Limited Bubble
18%
1/2,000,000 Buggify
18%
Limited Carousel
18%
Limited Celestial : Cupid
18%
1/99,999,999 (Removed) Chromatic : Exotic
18%
1/3,999 Cola
18%
1/86,988 Constella
18%
1/29,000 Copper
18%
1/1,520,000 Cosmos
18%
1/120,000,000 Crimson
18%
1/70,000,000 Dominion
18%
1/2,025,012,025 Dream Traveler
18%
1/72,000,000 Dullahan
18%
Limited Easter Isles
18%
1/1,200,000,000 Erebus
18%
1/35,000,000 Ethereal
18%
1/3,360,000 Evanescent
18%
1/90,000,000 Express
18%
1/7,250,000 Faith
18%
Limited Flushed : Heart Eye
18%
Limited Frigid
18%
1/3,750,000 Gingerbread
18%
Limited Glitched Egg
18%
Unreleased Godslayer
18%
1/85,000,000 Harnessed : Elements
18%
1/666,000,000 Harvester
18%
1/3,200,000 Headless
18%
1/32,000,000 Headless : Horseman
18%
1/9,000,000 Helios
18%
Limited Hellfire Egg
18%
1/8,335 Honey
18%
Limited Ink : Paintball Gun
18%
1/30,000,000 Innovator
18%
1/160,000 Jazz
18%
1/336,870,912 Jazz : Orchestra
18%
1/40,440,400 Juxtaposition
18%
1/1,000,000,000 Lamenthyr
18%
1/333,333 Lantern
18%
Removed Layers
18%
Limited Life Guard
18%
1/9,400,000 Lost Soul : Wander
18%
1/320,000,000 Lotusfall
18%
1/2,000,000 Lunar : Cultist
18%
1/309,999,999 Maelstrom
18%
1/1,024,000 Magnetic : Reverse Polarity
18%
1/25,000 Marsh
18%
1/11,300,000 Melodic
18%
Aura VFX Contributor Exclusive Morning Star
18%
1/45,000,000 North Pole
18%
1/23,333,340 Oculus
18%
1/8,000,000 Outlaw
18%
1/760,000,000 Parol
18%
1/73,500 Permafrost
18%
1/315,000,000 Perpetual
18%
1/20,600,000 Plasma
18%
1/3,000 Player
18%
Limited Present
18%
1/83,345 Pulsar
18%
1/1,999,999 Respawn
18%
1/24,060,000 Ruby : Brimstone
18%
Limited Sandbasket
18%
Limited Sandstorm Egg
18%
1/3,200,000 Savior
18%
Limited Scorpion
18%
1/60,000,000 Sentinel
18%
1/4,460,000 Shucks
18%
1/4,096 Sidereum
18%
Limited Skyforge
18%
Limited Slaughter
18%
1/570,000,000 Sophyra
18%
1/140,000 Spectre
18%
1/9,200,000 Stargazer
18%
1/1,000,000 Starlight : Kunzite
18%
1/5,000 Targeted
18%
1/2,222,000 Undefinied : Defined
18%
1/7,630,000 Velocity
18%
1/80,000,000 Virtual : Full Control
18%
1/6,000,000 Vital
18%
1/666,000 Warlock
18%
1/320,000 Watermelon
18%
1/32,768 Watt
18%
1/72,000,000 Winter Fantasy
18%
1/12,000,000 Wonderland
18%
1/650,000,000 Workshop : System
18%
1/4,100,000 Wraith
18%
Limited 血の悪魔
9%
1/82,000,000 Accursed
9%
1/624,000,000 Apocalypse
9%
1/2,300 Ash
9%
1/9,876 Atomic : Ribonucleic
9%
1/270,000 Attorney
9%
1/3,600,000 Bejeweled
9%
1/80,000,000 Carriage
9%
1/1,500,000 Celestial : Wicked
9%
1/25,000,000 Centurion
9%
1/530,000 Clockwork
9%
Removed Constraint Test
9%
Unreleased Content Deleted
9%
Dev-Exclusive Cruel
9%
1/380,000,000 Cryofang
9%
1/250,000 Cryogenic
9%
1/21,000,000 Cryptfire
9%
1/330,400,472 Cytokinesis
9%
Removed Deepwoken
9%
Limited Dreadsea
9%
1/315,000,000 Dreamer
9%
Removed Duke
9%
Dev-Exclusive Edict
9%
Unreleased (Limited) Eisveil
9%
1/230,000,000 Encase
9%
1/424,000,000 Eve Night
9%
Removed Find the Probability of This Aura
9%
1/24,500,000 Frostwood
9%
1/5,000,000 Galaxy
9%
Removed Galaxy Contact
9%
1/290,000,000 Graveborn
9%
1/88,250,000 Grief
9%
Removed Hallucination
9%
1/4,700,000 Jack Frost
9%
Removed Kyawthuite : Iridescent Memory
9%
1/450,000,000 Kyawthuite : Remembrance
9%
1/20,070,629 Long name sewage rat aura
9%
1/3,000,000 Lunar : Nightfall
9%
Removed Lunatic
9%
1/730,000,000 Malediction
9%
1/5,000 Megaphone
9%
1/77,000,000 Melodic : Serenade
9%
1/4,000,000 Metabytes
9%
1/10,000,000 Moonflower
9%
1/190,000,000 Nightmare Sky
9%
1/405,000,000 Northern
9%
1/3,000,000 Orion
9%
Limited Parasol
9%
1/462,000,000 Phantasma
9%
1/540,000 Prowler
9%
1/600,000 Pump : Trickster
9%
1/200,000,000 Raven : Plague
9%
1/66,000,000 Reaper
9%
Limited Reina
9%
Removed Road Trip
9%
Dev-Exclusive Samgong
9%
1/45,000,000 Santa Frost
9%
Unreleased Sapphire : Peace
9%
1/15,000,000 Sinister
9%
1/60,000,000 Sky Burst
9%
Removed Smiro
9%
1/10,000 Snowball
9%
1/40,000,000 Soul Hunter
9%
Removed Stardust
9%
Removed Stella
9%
Removed Stellar
9%
1/375,000,000 Symphony : Bloomed
9%
Limited Thaneborne
9%
Removed Twilight : Viridescent Memory
9%
1/2,580,000 Vega
9%
Limited Veinweaver
9%
1/700,000 Verdict
9%
1/3,600,000 Werewolf
9%
1/1,450,012,025 Winter Garden
9%
1/700,000,000 Workshop
9%
1/695,000,000 Wraithlight
9%
Removed Yuyo
9%
1/7,200,000 Anubis
0%
Removed Therma
0%
No matching quizzes found
Score Distribution
Percent of People with Each Score
Percentile by Number Answered
Your Score History
You have not taken this quiz since the last reset